000 00475nam a2200181Ia 4500
001 11977
005 20260306162908.0
008 260306t2019||||xx |||||||||||||| ||spa||
041 _aESP
082 _aHR 340
_bJUN 2019 AJ
100 _aGaceta Jurídica
_eAUT
245 0 _aActualidad jurídica:
_binformación especializada para abogados y jueces
260 _c2019
300 _a264 páginas :
_c25 cm.
650 _aGEN
654 _aCDE
942 _cREV
_dJUS
_fJUS
_2ddc
_n
999 _c11977
_d11977